Normal view
MARC view
- ENGINEERING INSPECTIONS NON DESTRUCTIVE INDUSTRIAL APPLICATIONS NON DESTRUCTIVE TESTING ACC NO-31055
Entry Topical Term
001 - CONTROL NUMBER
- control field: 74322
003 - CONTROL NUMBER IDENTIFIER
- control field: NUST
005 - DATE AND TIME OF LATEST TRANSACTION
- control field: 20210628205202.0
008 - FIXED-LENGTH DATA ELEMENTS
- fixed length control field: 210628|| aca||aabn | a|a d
040 ## - CATALOGING SOURCE
- Original cataloging agency: NUST
- Transcribing agency: NUST
150 ## - HEADING--TOPICAL TERM
- Topical term or geographic name entry element: ENGINEERING INSPECTIONS NON DESTRUCTIVE INDUSTRIAL APPLICATIONS NON DESTRUCTIVE TESTING ACC NO-31055
670 ## - SOURCE DATA FOUND
- Source citation: Work cat.: (NUST): Mess, Stanley Moori, Patrick O Mclntire, Paul 74321, Nondustructive testing handbook nondestructing testing overview, 1996
